[Event "XXII Memorial Edoardo Crespi Internazionale"]
[Site "Milano ITA"]
[Date "2001.12.06"]
[Round "5"]
[White "Cavatorta, Fosco"]
[Black "Lamberger, Werner"]
[Result "1/2-1/2"]
[WhiteElo "2011"]
[BlackElo "2050"]
[PlyCount "93"]
[EventDate "2001.12.03"]

1.Nf3 Nf6 2.g3 d5 3.Bg2 Bf5 4.O-O c6 5.d3 h6 6.Nbd2 e6 7.Re1 Be7 8.c3 O-O 
9.Qb3 Qb6 10.e4 dxe4 11.Qxb6 axb6 12.dxe4 Bh7 13.Ne5 Nbd7 14.Nxd7 Nxd7 15.
Nb3 Ne5 16.Rd1 Rfd8 17.Bf4 Bf6 18.Nd2 b5 19.Bxe5 Bxe5 20.Nf3 g5 21.a3 b6 
22.Kf1 Kf8 23.Nd4 Bxd4 24.cxd4 Ra4 25.Rac1 Raxd4 26.Rxd4 Rxd4 27.Rxc6 Rd2 
28.b4 Rd3 29.Rxb6 Rxa3 30.Rxb5 Ra2 31.Rb7 Kg7 32.b5 e5 33.b6 Rb2 34.Rb8 g4
35.b7 f6 36.Ke1 Bg8 37.Bf1 Rb1+ 38.Kd2 Bh7 39.Bd3 Rb6 40.Kc3 Bg8 41.Bc4 
Bxc4 42.Kxc4 Rb1 43.Kd5 Rb6 44.Kc5 Rb1 45.Kd6 Rb2 46.Ke6 Rb6+ 47.Ke7 
1/2-1/2

[Event "XXII Memorial Edoardo Crespi Internazionale"]
[Site "Milano ITA"]
[Date "2001.12.06"]
[Round "5"]
[White "Cazzaniga, Walter"]
[Black "Astengo, Corrado"]
[Result "0-1"]
[WhiteElo "2131"]
[BlackElo "2166"]
[PlyCount "72"]
[EventDate "2001.12.03"]

1.d4 d5 2.c4 c6 3.Nf3 Nf6 4.Nc3 dxc4 5.a4 Bf5 6.e3 e6 7.Bxc4 Bb4 8.O-O O-O
9.Qe2 Bg6 10.Nh4 Nbd7 11.Nxg6 hxg6 12.Rd1 Qa5 13.Bd2 Nb6 14.Bb3 Rad8 15.
Be1 e5 16.dxe5 Qxe5 17.f3 Bc5 18.Bf2 Nbd5 19.Nxd5 Nxd5 20.e4 Nf4 21.Qf1 
Bxf2+ 22.Qxf2 Nd3 23.Qe3 Nxb2 24.Rxd8 Rxd8 25.Qxa7 c5 26.Qxb7 Qd4+ 27.Kh1 
c4 28.Bc2 Nd3 29.Qb1 Nf2+ 30.Kg1 Nxe4+ 31.Kh1 Nf2+ 32.Kg1 Nd1+ 33.Kh1 Qf2 
34.h3 Ne3 35.Qg1 Qxg1+ 36.Kxg1 Nxc2 0-1

[Event "XXII Memorial Edoardo Crespi Internazionale"]
[Site "Milano ITA"]
[Date "2001.12.06"]
[Round "5"]
[White "Cebalo, Miso"]
[Black "Scalcione, Michelangelo"]
[Result "1-0"]
[WhiteElo "2492"]
[BlackElo "2292"]
[PlyCount "83"]
[EventDate "2001.12.03"]

1.d4 Nf6 2.c4 e6 3.Nc3 d5 4.Bg5 Bb4 5.e3 h6 6.Bxf6 Qxf6 7.Nf3 c5 8.cxd5 
exd5 9.Rc1 Nc6 10.dxc5 O-O 11.Be2 Rd8 12.O-O Be6 13.Nd4 Bxc5 14.Nxe6 Qxe6 
15.Qb3 d4 16.Bc4 Qg6 17.Nd5 dxe3 18.fxe3 Na5 19.Qb5 b6 20.Ne7+ Bxe7 21.
Bxf7+ Qxf7 22.Rxf7 Kxf7 23.Qf5+ Bf6 24.b4 Nb7 25.Rc7+ Kg8 26.Qe6+ Kh8 27.
Rxb7 Re8 28.Qb3 Rad8 29.Rxa7 Rxe3 30.Qxe3 Bd4 31.Kf2 Bxe3+ 32.Kxe3 b5 33.
Ra5 Re8+ 34.Kd3 Rd8+ 35.Kc3 Rc8+ 36.Kb3 Rb8 37.a4 bxa4+ 38.Kxa4 Kg8 39.b5 
Kf7 40.Ra7+ Kf6 41.Ra5 Rd8 42.b6 1-0

[Event "XXII Memorial Edoardo Crespi Internazionale"]
[Site "Milano ITA"]
[Date "2001.12.06"]
[Round "5"]
[White "Dalimeg, Alfredo"]
[Black "Contedini, Ennio"]
[Result "1-0"]
[WhiteElo "2141"]
[BlackElo "2245"]
[PlyCount "39"]
[EventDate "2001.12.03"]

1.e4 e5 2.Nf3 Nc6 3.Bb5 a6 4.Ba4 f5 5.d3 fxe4 6.dxe4 Nf6 7.Bg5 h6 8.Bh4 d6
9.Nc3 Be7 10.Qe2 b5 11.Bb3 Na5 12.O-O-O Nxb3+ 13.axb3 g5 14.Bg3 Bd7 15.Nd5
Nxd5 16.Rxd5 Qc8 17.Bxe5 dxe5 18.Nxe5 Be6 19.Qh5+ Kf8 20.Ng6+ 1-0

[Event "XXII Memorial Edoardo Crespi Internazionale"]
[Site "Milano ITA"]
[Date "2001.12.06"]
[Round "5"]
[White "Isonzo, David"]
[Black "Drazic, Sinisa"]
[Result "0-1"]
[WhiteElo "2343"]
[BlackElo "2471"]
[PlyCount "112"]
[EventDate "2001.12.03"]

1.e4 c6 2.Nc3 d5 3.Nf3 dxe4 4.Nxe4 Nf6 5.Nxf6+ exf6 6.d4 Bd6 7.Bc4 O-O 8.
O-O Nd7 9.Nh4 g6 10.Bh6 Re8 11.Qd3 Nf8 12.Rfe1 Be6 13.Bxf8 Bxc4 14.Rxe8 
Qxe8 15.Qxc4 Kxf8 16.Nf3 Qe6 17.Qd3 h5 18.c4 Re8 19.Kf1 b5 20.cxb5 cxb5 
21.d5 Qd7 22.Rd1 Kg7 23.h3 a6 24.Nd2 Qe7 25.Nf3 Qc7 26.Nd2 Bb4 27.Nf3 Qd6 
28.Qc2 Rd8 29.Qe4 Ba5 30.g3 Bb6 31.Kg2 Qc5 32.Rd2 a5 33.g4 hxg4 34.hxg4 
Qd6 35.g5 fxg5 36.Nxg5 Rh8 37.f4 Bd8 38.Nh3 Qd7 39.Rd3 Bf6 40.d6 Qg4+ 41.
Rg3 Qd1 42.Qd3 Qc1 43.Qxb5 Qd2+ 44.Nf2 Qxd6 45.f5 Rh5 46.Qxa5 Qc6+ 47.Kf1 
Qc4+ 48.Kg2 Qf4 49.b3 Rxf5 50.Qe1 Be5 51.Rh3 Rg5+ 52.Kf1 Bd4 53.Qe2 Rf5 
54.Kg2 Rg5+ 55.Kf1 Qc1+ 56.Qd1 Rg1+ 0-1

[Event "XXII Memorial Edoardo Crespi Internazionale"]
[Site "Milano ITA"]
[Date "2001.12.06"]
[Round "5"]
[White "Iudicello, Giovanni"]
[Black "De Santis, Alessio"]
[Result "1/2-1/2"]
[WhiteElo "2160"]
[BlackElo "2345"]
[PlyCount "49"]
[EventDate "2001.12.03"]

1.e4 c5 2.Nf3 e6 3.d4 cxd4 4.Nxd4 a6 5.Nc3 Qc7 6.Bd3 b5 7.O-O b4 8.Nce2 
Bb7 9.Ng3 Nf6 10.Qe2 Nc6 11.Nxc6 Qxc6 12.Be3 h5 13.f3 h4 14.Nh1 h3 15.g3 
d5 16.Nf2 Bd6 17.Rac1 Qc7 18.exd5 Nxd5 19.Ne4 Be7 20.Bf2 Qa5 21.c4 bxc3 
22.Nxc3 Nb4 23.Be4 Bxe4 24.Qxe4 O-O 25.a3 1/2-1/2

[Event "XXII Memorial Edoardo Crespi Internazionale"]
[Site "Milano ITA"]
[Date "2001.12.06"]
[Round "5"]
[White "Lapiccirella, Mattia"]
[Black "Bonazzi, Edoardo"]
[Result "1-0"]
[WhiteElo "2164"]
[BlackElo "2110"]
[PlyCount "53"]
[EventDate "2001.12.03"]

1.d4 Nf6 2.Nf3 e6 3.c4 d5 4.Bg5 Be7 5.Nc3 h6 6.Bxf6 Bxf6 7.e3 O-O 8.Rc1 c6
9.Bd3 Nd7 10.O-O dxc4 11.Bxc4 e5 12.h3 exd4 13.exd4 Nb6 14.Bb3 Be6 15.Bxe6
fxe6 16.Ne4 Qd5 17.Nc5 Rf7 18.b3 Rd8 19.Re1 Re7 20.Qc2 Rb8 21.Ne5 Bxe5 22.
dxe5 Qd8 23.Ne4 Nd5 24.Nd6 Qf8 25.Re4 Nc7 26.Qd2 Ne8 27.Rf4 1-0

[Event "XXII Memorial Edoardo Crespi Internazionale"]
[Site "Milano ITA"]
[Date "2001.12.06"]
[Round "5"]
[White "Paragua, Mark"]
[Black "Laketic, Gojko"]
[Result "0-1"]
[WhiteElo "2447"]
[BlackElo "2452"]
[PlyCount "78"]
[EventDate "2001.12.03"]

1.e4 d5 2.exd5 Qxd5 3.Nf3 Bg4 4.Be2 e6 5.O-O c6 6.h3 Bh5 7.d4 Nf6 8.c4 Qd8
9.Nc3 Be7 10.Be3 O-O 11.g4 Bg6 12.Ne5 Nfd7 13.f4 Nxe5 14.dxe5 f6 15.exf6 
Bxf6 16.c5 Na6 17.Bc4 Nc7 18.f5 Bf7 19.fxe6 Bxe6 20.Bxe6+ Nxe6 21.Qb3 Kh8 
22.Ne4 Nd4 23.Qc4 Qe7 24.Rf4 Ne6 25.Rf2 Be5 26.Raf1 Rxf2 27.Rxf2 Rd8 28.
Qf1 Kg8 29.b4 Rd5 30.Kg2 h5 31.gxh5 Qh4 32.Ng5 Bf6 33.Nxe6 Qe4+ 34.Rf3 
Qxe6 35.h6 Qe4 36.Kg1 Rd3 37.Qf2 Rd1+ 38.Kg2 Be5 39.Bg5 Re1 0-1

[Event "XXII Memorial Edoardo Crespi Internazionale"]
[Site "Milano ITA"]
[Date "2001.12.06"]
[Round "5"]
[White "Pienabarca, Nicola"]
[Black "Crippa, Gabriele"]
[Result "0-1"]
[WhiteElo "2044"]
[BlackElo "2118"]
[PlyCount "110"]
[EventDate "2001.12.03"]

1.d4 d5 2.Nf3 c5 3.c4 e6 4.Nc3 Nc6 5.g3 Nf6 6.Bg2 Be7 7.O-O O-O 8.cxd5 
exd5 9.dxc5 Bxc5 10.Bg5 d4 11.Bxf6 Qxf6 12.Ne4 Qe7 13.Nxc5 Qxc5 14.Rc1 Qb6
15.Qd2 Be6 16.b3 Rad8 17.Rfd1 h6 18.Qf4 Rd7 19.Ne5 Nxe5 20.Qxe5 Re8 21.Rd2
Kf8 22.Qc5+ Qxc5 23.Rxc5 b6 24.Rc1 Ke7 25.Be4 Red8 26.Kf1 Rd6 27.Rc7+ R8d7
28.Rxd7+ Rxd7 29.Ke1 f5 30.Bd3 g6 31.Rc2 Kd6 32.Rc8 Rc7 33.Rd8+ Ke5 34.Kd2
Rc6 35.Re8 Rd6 36.Bc4 Kf6 37.Bxe6 Rxe6 38.Rd8 b5 39.Rxd4 Ke5 40.e3 g5 41.
Rd7 Ra6 42.Re7+ Kf6 43.Rb7 Rxa2+ 44.Ke1 a6 45.Rb6+ Ke5 46.Rxh6 Ke4 47.Rf6 
a5 48.Rb6 Kd3 49.Kf1 b4 50.Rc6 Rc2 51.Rd6+ Kc3 52.Rd5 Ra2 53.Rxf5 Kxb3 54.
Rd5 a4 55.Ke1 Rc2 0-1

[Event "XXII Memorial Edoardo Crespi Internazionale"]
[Site "Milano ITA"]
[Date "2001.12.06"]
[Round "5"]
[White "Podini, Francesco"]
[Black "Barlocco, Carlo"]
[Result "1-0"]
[WhiteElo "2085"]
[BlackElo "2139"]
[PlyCount "79"]
[EventDate "2001.12.03"]

1.e4 d5 2.exd5 Nf6 3.d4 Bg4 4.Nf3 Qxd5 5.Be2 Nc6 6.c3 O-O-O 7.Nbd2 e5 8.c4
Qa5 9.d5 Bxf3 10.Bxf3 Nd4 11.O-O Bb4 12.Nb3 Nxf3+ 13.Qxf3 Qa6 14.a3 Bd6 
15.Qf5+ Kb8 16.Qc2 b5 17.Bg5 bxc4 18.Nd2 Be7 19.Nxc4 Rxd5 20.b4 Ng8 21.Be3
Bd6 22.Rfc1 Ne7 23.Na5 h6 24.Rab1 Ka8 25.Qb3 f5 26.Rc6 Qc8 27.b5 f4 28.
Bxa7 Qf5 29.Ra6 Qd3 30.Qxd3 Rxd3 31.b6 cxb6 32.Bxb6+ Kb8 33.Bd8+ Kc8 34.
Bxe7 Bxe7 35.Ra8+ Kd7 36.Rxh8 Rxa3 37.Nc4 Ra2 38.Nxe5+ Ke6 39.Nf3 Bc5 40.
Rf1 1-0

[Event "XXII Memorial Edoardo Crespi Internazionale"]
[Site "Milano ITA"]
[Date "2001.12.06"]
[Round "5"]
[White "Rettore, Ludwig"]
[Black "Qendro, Llambi"]
[Result "0-1"]
[WhiteElo "2141"]
[BlackElo "2333"]
[PlyCount "86"]
[EventDate "2001.12.03"]

1.d4 g6 2.e4 Bg7 3.Nc3 c6 4.Bc4 d6 5.Qf3 e6 6.Nge2 Nd7 7.Bb3 Qe7 8.O-O e5 
9.d5 c5 10.Ba4 Nf6 11.Bg5 h6 12.Bxf6 Bxf6 13.Qd3 O-O 14.Bxd7 Bxd7 15.a4 
Bg7 16.f3 f5 17.Rfb1 a5 18.Nb5 g5 19.Rf1 Rac8 20.Qd2 g4 21.Qxa5 gxf3 22.
gxf3 fxe4 23.fxe4 Bh3 24.Rxf8+ Rxf8 25.Qc3 Qh4 26.Ng3 Qf4 27.Qe1 h5 28.Nf5
Bxf5 29.exf5 Rxf5 30.Ra3 e4 31.Rg3 h4 32.Rg2 Kh7 33.c3 Rg5 34.Rxg5 Qxg5+ 
35.Kh1 Qf4 36.Qe2 Kh6 37.Nc7 h3 38.Kg1 Be5 39.Ne6 Qc1+ 40.Kf2 Bxh2 41.Qxe4
Qg1+ 42.Ke2 Qg2+ 43.Kd3 c4+ 0-1

[Event "XXII Memorial Edoardo Crespi Internazionale"]
[Site "Milano ITA"]
[Date "2001.12.06"]
[Round "5"]
[White "Tramalloni, Luca"]
[Black "Bianchi, Alberto"]
[Result "1-0"]
[WhiteElo "2101"]
[BlackElo "2037"]
[PlyCount "105"]
[EventDate "2001.12.03"]

1.d4 e6 2.c4 d5 3.Nc3 Nf6 4.cxd5 exd5 5.Bg5 c6 6.Qc2 Bb4 7.e3 Bxc3+ 8.bxc3
h6 9.Bh4 O-O 10.Bd3 Re8 11.Nf3 Nbd7 12.O-O Qa5 13.Nd2 g5 14.Bg3 Nh5 15.Bd6
Re6 16.Bb4 Qc7 17.Rae1 Nhf6 18.c4 Nb6 19.e4 Qd8 20.cxd5 cxd5 21.e5 Ne4 22.
Nxe4 dxe4 23.Bxe4 Qxd4 24.Bc3 Qc5 25.Qd3 Bd7 26.Bf5 Rc6 27.Bh7+ Kf8 28.Bb2
Qd5 29.Qa3+ Kg7 30.Be4 Qe6 31.f4 Nc4 32.f5 Nxa3 33.fxe6 Bxe6 34.Bxc6 Nc4 
35.Bxb7 Rb8 36.Bd4 Rxb7 37.Rf3 Rd7 38.Bf2 a5 39.Rc3 Rd2 40.Re4 Rxa2 41.Bc5
Nd2 42.Re1 Nb3 43.Bd6 Rd2 44.Rg3 a4 45.h4 g4 46.h5 Nd4 47.Be7 Ne2+ 48.Rxe2
Rxe2 49.Rd3 Bb3 50.Rd8 Re1+ 51.Kh2 g3+ 52.Kxg3 Re3+ 53.Kh2 1-0

[Event "XXII Memorial Edoardo Crespi Internazionale"]
[Site "Milano ITA"]
[Date "2001.12.??"]
[Round "6"]
[White "Astengo, Corrado"]
[Black "Isonzo, David"]
[Result "0-1"]
[WhiteElo "2166"]
[BlackElo "2343"]
[PlyCount "56"]
[EventDate "2001.12.03"]

1.e4 e5 2.Nf3 Nc6 3.Bb5 Bc5 4.c3 Nge7 5.d4 exd4 6.cxd4 Bb4+ 7.Bd2 Bxd2+ 8.
Qxd2 d5 9.e5 O-O 10.h3 f6 11.Nc3 fxe5 12.Nxe5 Nxe5 13.dxe5 d4 14.Bc4+ Kh8 
15.Ne4 Ng6 16.e6 Nf4 17.O-O Bxe6 18.Qb4 c5 19.Qb3 Bxc4 20.Qxc4 Rc8 21.Rfe1
Qd7 22.a4 b6 23.Rad1 a5 24.b3 Rc6 25.Ng3 Rh6 26.Re4 Nxg2 27.Rd2 Nh4 28.
Rde2 Nf3+ 0-1

[Event "XXII Memorial Edoardo Crespi Internazionale"]
[Site "Milano ITA"]
[Date "2001.12.??"]
[Round "6"]
[White "Barlocco, Carlo"]
[Black "Cavatorta, Fosco"]
[Result "1-0"]
[WhiteElo "2139"]
[BlackElo "2011"]
[PlyCount "85"]
[EventDate "2001.12.03"]

1.c4 Nc6 2.Nc3 e5 3.g3 g6 4.Bg2 Bg7 5.e3 d6 6.Nge2 f5 7.O-O Nf6 8.d4 O-O 
9.Rb1 Nh5 10.f4 e4 11.b4 a5 12.b5 Nb4 13.Ba3 Nd3 14.g4 Nf6 15.g5 Nd7 16.
Nc1 Nxc1 17.Rxc1 Nb6 18.Nb1 Re8 19.Rf2 d5 20.Nd2 dxc4 21.Bf1 Be6 22.Nxc4 
Nd5 23.Qe1 Bf7 24.Rfc2 b6 25.Ne5 Bxe5 26.dxe5 Rc8 27.Rd2 Qd7 28.Bc4 c6 29.
Rcd1 Red8 30.Rd4 Qe8 31.Qd2 Qd7 32.bxc6 Qxc6 33.Bxd5 Bxd5 34.Rxd5 Re8 35.
Rd7 Qc3 36.Bb2 Qc4 37.Qd5+ Qxd5 38.R1xd5 Rc2 39.Rd2 Rxd2 40.Rxd2 b5 41.Rd7
Rc8 42.e6 Rc2 43.Rd8# 1-0

[Event "XXII Memorial Edoardo Crespi Internazionale"]
[Site "Milano ITA"]
[Date "2001.12.??"]
[Round "6"]
[White "Battistella, Stefano"]
[Black "Cazzaniga, Walter"]
[Result "0-1"]
[WhiteElo "2024"]
[BlackElo "2131"]
[PlyCount "85"]
[EventDate "2001.12.03"]

1.d4 Nf6 2.Nf3 g6 3.Bf4 Bg7 4.h3 d6 5.e3 Nh5 6.Bh2 f5 7.Bc4 e6 8.Nbd2 Nf6 
9.c3 Nc6 10.b4 a6 11.a4 Qe7 12.Qc2 O-O 13.O-O Kh8 14.b5 axb5 15.axb5 Rxa1 
16.Rxa1 Nd8 17.Bg3 Nf7 18.Re1 Nh5 19.Bh2 g5 20.Kh1 g4 21.Ng1 Nh6 22.Nf1 e5
23.f4 exf4 24.Qd2 gxh3 25.Nxh3 f3 26.gxf3 Qh4 27.Nf4 Nxf4 28.exf4 Ng8 29.
Kg1 b6 30.Bg3 Qh5 31.Bd5 Bd7 32.c4 Nf6 33.Be6 Bxe6 34.Rxe6 Qxf3 35.Qe2 Qc3
36.Bf2 Ne4 37.Rxe4 fxe4 38.Qxe4 Rg8 39.Kh2 Qxc4 40.Ng3 Qxb5 41.Nf5 Re8 42.
Ne7 Qh5+ 43.Kg2 0-1

[Event "XXII Memorial Edoardo Crespi Internazionale"]
[Site "Milano ITA"]
[Date "2001.12.??"]
[Round "6"]
[White "Bianchi, Alberto"]
[Black "Burani, Eugenio"]
[Result "1-0"]
[WhiteElo "2037"]
[BlackElo "2093"]
[PlyCount "69"]
[EventDate "2001.12.03"]

1.e4 c5 2.Nc3 e6 3.g3 d5 4.d3 d4 5.Nce2 b6 6.Bg2 Bb7 7.Nf3 Nd7 8.O-O e5 9.
Nh4 Ne7 10.f4 Qc7 11.Nf3 Nc6 12.c3 f6 13.fxe5 Ndxe5 14.Nf4 Nxf3+ 15.Qxf3 
Ne5 16.Qe2 Qd6 17.cxd4 Qxd4+ 18.Be3 Qd6 19.Rfd1 Nc6 20.Qh5+ Kd8 21.Ng6 Rg8
22.Qxh7 Qe6 23.Nxf8 Rxf8 24.Qxg7 Rf7 25.Qh6 Kc7 26.d4 cxd4 27.Bxd4 Rd8 28.
Bc3 Qc4 29.Rxd8 Nxd8 30.Qd2 Kc8 31.Rd1 Ne6 32.Qd6 Qc5+ 33.Qxc5+ Nxc5 34.e5
Bxg2 35.Kxg2 1-0

[Event "XXII Memorial Edoardo Crespi Internazionale"]
[Site "Milano ITA"]
[Date "2001.12.??"]
[Round "6"]
[White "Bonazzi, Edoardo"]
[Black "Astengo, Marcello"]
[Result "1-0"]
[WhiteElo "2110"]
[BlackElo "2076"]
[PlyCount "59"]
[EventDate "2001.12.03"]

1.d4 d5 2.c4 e6 3.cxd5 exd5 4.Nc3 c6 5.Qc2 Nf6 6.Bg5 Nbd7 7.e3 Be7 8.Bd3 
O-O 9.Nge2 Re8 10.O-O Nf8 11.f3 Nh5 12.Bxe7 Qxe7 13.e4 dxe4 14.fxe4 Qg5 
15.e5 Bh3 16.Rf2 Be6 17.Raf1 Re7 18.Ne4 Qe3 19.Kh1 Rd8 20.Nd6 Rdd7 21.Bc4 
g6 22.Rf3 Qg5 23.Ne4 Qg4 24.Rf4 Nxf4 25.Nf6+ Kg7 26.Nxg4 Nxe2 27.Qxe2 Rxd4
28.Bxe6 Nxe6 29.h3 h5 30.Nf6 1-0

[Event "XXII Memorial Edoardo Crespi Internazionale"]
[Site "Milano ITA"]
[Date "2001.12.??"]
[Round "6"]
[White "Contedini, Ennio"]
[Black "Tramalloni, Luca"]
[Result "1/2-1/2"]
[WhiteElo "2245"]
[BlackElo "2101"]
[PlyCount "63"]
[EventDate "2001.12.03"]

1.e4 c5 2.d4 cxd4 3.c3 dxc3 4.Nxc3 Nc6 5.Nf3 e6 6.Bc4 a6 7.O-O Nge7 8.Bg5 
f6 9.Be3 Ng6 10.Nd2 b5 11.Bb3 Be7 12.f4 Na5 13.Qh5 Nxb3 14.axb3 O-O 15.Nd5
Rb8 16.Ba7 Rb7 17.Nxe7+ Qxe7 18.Bc5 d6 19.Bb4 Rd7 20.g3 Re8 21.e5 fxe5 22.
Ne4 exf4 23.Rad1 Red8 24.Ng5 Nf8 25.Rxf4 g6 26.Qh4 Qg7 27.Bc3 e5 28.Rdf1 
h6 29.Nf7 g5 30.Nxh6+ Kh7 31.Qh5 gxf4 32.Nf7+ 1/2-1/2

[Event "XXII Memorial Edoardo Crespi Internazionale"]
[Site "Milano ITA"]
[Date "2001.12.??"]
[Round "6"]
[White "Crippa, Gabriele"]
[Black "Rettore, Ludwig"]
[Result "1/2-1/2"]
[WhiteElo "2118"]
[BlackElo "2141"]
[PlyCount "73"]
[EventDate "2001.12.03"]

1.d4 c5 2.d5 e5 3.e4 d6 4.Bb5+ Bd7 5.a4 a6 6.Be2 Be7 7.Nf3 Bg4 8.Nfd2 Bxe2
9.Qxe2 Bg5 10.O-O Nf6 11.a5 Qe7 12.Nc4 Bxc1 13.Rxc1 Nbd7 14.Nbd2 O-O 15.
Rcb1 Rab8 16.c3 Ne8 17.Rc1 Nc7 18.Rc2 g6 19.Rf1 Nb5 20.Nb1 Rbe8 21.Nba3 
Nc7 22.Nd2 f5 23.f3 Kh8 24.b4 fxe4 25.fxe4 Rxf1+ 26.Nxf1 Rf8 27.Nd2 Qf6 
28.Rc1 Qg5 29.Re1 Nb5 30.Nxb5 axb5 31.Nf3 Qg4 32.Qe3 Rf4 33.h3 Qg3 34.Nd2 
Qxe3+ 35.Rxe3 c4 36.g3 Rf8 37.Kg2 1/2-1/2

[Event "XXII Memorial Edoardo Crespi Internazionale"]
[Site "Milano ITA"]
[Date "2001.12.??"]
[Round "6"]
[White "De Santis, Alessio"]
[Black "Dalimeg, Alfredo"]
[Result "1-0"]
[WhiteElo "2345"]
[BlackElo "2141"]
[PlyCount "79"]
[EventDate "2001.12.03"]

1.d4 Nf6 2.c4 c5 3.d5 g6 4.Nc3 Bg7 5.e4 d6 6.h3 O-O 7.Nf3 Na6 8.Bd3 Nc7 9.
O-O a6 10.a4 Bd7 11.e5 dxe5 12.Re1 e4 13.Nxe4 Nxe4 14.Bxe4 Ne8 15.Bd3 Nd6 
16.Bg5 Re8 17.Qc2 Bf5 18.Re2 h6 19.Be3 Rc8 20.Rae1 Qd7 21.b3 Bxd3 22.Qxd3 
Nf5 23.g4 Nd6 24.Bf4 b5 25.axb5 axb5 26.Ne5 Bxe5 27.Rxe5 bxc4 28.bxc4 Kg7 
29.Qc3 Kh7 30.Qc2 Kg7 31.Qc1 h5 32.Qc3 Kh7 33.gxh5 Nf5 34.hxg6+ fxg6 35.
Kh2 Rf8 36.Bg5 Rf7 37.R1e4 Qd6 38.Kg2 Rc7 39.Re6 Qd7 40.h4 1-0

[Event "XXII Memorial Edoardo Crespi Internazionale"]
[Site "Milano ITA"]
[Date "2001.12.??"]
[Round "6"]
[White "Drazic, Sinisa"]
[Black "Lazic, Miroljub"]
[Result "1-0"]
[WhiteElo "2471"]
[BlackElo "2449"]
[PlyCount "135"]
[EventDate "2001.12.03"]

1.e4 e5 2.Nf3 Nc6 3.Bb5 a6 4.Ba4 Nf6 5.O-O Be7 6.Re1 b5 7.Bb3 d6 8.a4 Bb7 
9.c3 Na5 10.Bc2 c5 11.d4 Qc7 12.d5 O-O 13.b3 Rfb8 14.h3 Bc8 15.axb5 axb5 
16.Nbd2 Bf8 17.Nf1 g6 18.Ng3 Bd7 19.Bg5 Bg7 20.Nd2 Nb7 21.Qb1 Ra5 22.Qb2 
Rba8 23.Be3 Be8 24.Bd3 Rxa1 25.Rxa1 Rxa1+ 26.Qxa1 Qa5 27.Qxa5 Nxa5 28.b4 
Nb7 29.Be2 h5 30.Ngf1 Kf8 31.f3 c4 32.Nxc4 bxc4 33.Bxc4 Bd7 34.Nd2 Ke8 35.
Ba6 Bc8 36.Nc4 Bf8 37.Bb5+ Nd7 38.Bb6 Ke7 39.Bc7 Nf6 40.Bc6 Ne8 41.Bb8 Kd8
42.Kf2 h4 43.Ke3 f5 44.Kf2 Nc7 45.Ke2 Be7 46.Ba7 Na8 47.Nb6 Nc7 48.Nc4 Na8
49.Bf2 Kc7 50.Na3 Bd7 51.Nb5+ Kc8 52.Na7+ Kc7 53.c4 Bxc6 54.Nxc6 Bf6 55.c5
Nd8 56.Na5 dxc5 57.bxc5 Kd7 58.Kd3 Nf7 59.Kc4 Nc7 60.Nc6 Ne8 61.Be3 Bg7 
62.Bf2 Bf6 63.Be1 Ng7 64.Na7 Ne8 65.Bb4 Bg5 66.c6+ Kc7 67.Nb5+ Kc8 68.d6 
1-0

[Event "XXII Memorial Edoardo Crespi Internazionale"]
[Site "Milano ITA"]
[Date "2001.12.??"]
[Round "6"]
[White "Laketic, Gojko"]
[Black "Maksimenko, Andrei"]
[Result "0-1"]
[WhiteElo "2452"]
[BlackElo "2495"]
[PlyCount "66"]
[EventDate "2001.12.03"]

1.d4 Nf6 2.c4 g6 3.Nc3 Bg7 4.e4 d6 5.Nf3 O-O 6.Be2 e5 7.d5 a5 8.Bg5 h6 9.
Bh4 Na6 10.Nd2 Qe8 11.a3 Bd7 12.b3 Nh7 13.O-O f5 14.exf5 gxf5 15.Bh5 Qc8 
16.Be7 Re8 17.Bxe8 Qxe8 18.Bh4 e4 19.Rc1 Nc5 20.Rc2 Qg6 21.Ne2 Nd3 22.Ra2 
Kh8 23.Kh1 Rg8 24.Rg1 Qg4 25.Bg3 Qxg3 26.hxg3 Nxf2+ 27.Kh2 Nf6 28.Nf4 Nxd1
29.Rxd1 Ng4+ 30.Kg1 Bd4+ 31.Kf1 Ne3+ 32.Ke2 Nxd1 33.Kxd1 Rxg3 0-1

[Event "XXII Memorial Edoardo Crespi Internazionale"]
[Site "Milano ITA"]
[Date "2001.12.??"]
[Round "6"]
[White "Lanzani, Mario"]
[Black "Lapiccirella, Mattia"]
[Result "1/2-1/2"]
[WhiteElo "2378"]
[BlackElo "2164"]
[PlyCount "115"]
[EventDate "2001.12.03"]

1.c4 Nf6 2.Nc3 g6 3.e4 d6 4.d4 Bg7 5.f3 O-O 6.Be3 b6 7.Bd3 Bb7 8.Nge2 c5 
9.d5 e6 10.Qd2 exd5 11.cxd5 a6 12.a4 Nbd7 13.Ng3 Ne5 14.Be2 h5 15.O-O Qc7 
16.Nh1 c4 17.Nf2 Ned7 18.Rac1 Rac8 19.Nb1 b5 20.b3 Nc5 21.Bxc5 Qxc5 22.
axb5 axb5 23.bxc4 b4 24.Kh1 b3 25.Nd3 Qd4 26.Qb4 Ba6 27.Qxb3 Bxc4 28.Qb4 
Qe3 29.Qd2 Qxd2 30.Nxd2 Bxd3 31.Bxd3 Bh6 32.Rxc8 Rxc8 33.Nc4 Bf8 34.Ra1 
Nd7 35.h4 Nc5 36.Bf1 Rb8 37.g3 Rb3 38.Kg2 Rc3 39.Ra2 Nb3 40.f4 Nc5 41.e5 
Ne4 42.exd6 Nxd6 43.Nxd6 Bxd6 44.Ra8+ Kg7 45.Ra6 Bc5 46.Rc6 Bb4 47.Rb6 Bc5
48.Rb7 Rc2+ 49.Kh3 Rc3 50.Rb2 Be3 51.Kg2 Rc5 52.Kf3 Bc1 53.Rb1 Rc3+ 54.Ke4
Ba3 55.Bd3 Bc5 56.Rd1 Kf6 57.Rf1 Ra3 58.Rd1 1/2-1/2

[Event "XXII Memorial Edoardo Crespi Internazionale"]
[Site "Milano ITA"]
[Date "2001.12.??"]
[Round "6"]
[White "Paragua, Mark"]
[Black "Godena, Michele"]
[Result "0-1"]
[WhiteElo "2447"]
[BlackElo "2496"]
[PlyCount "74"]
[EventDate "2001.12.03"]

1.e4 e5 2.Nf3 Nc6 3.d4 exd4 4.Nxd4 Bc5 5.Nxc6 Qf6 6.Qd2 dxc6 7.Nc3 Qe7 8.
Bd3 Nf6 9.h3 Be6 10.O-O O-O-O 11.Qe2 Nd7 12.Na4 Bd6 13.f4 f6 14.Be3 g5 15.
e5 fxe5 16.fxg5 e4 17.Bxe4 Bxh3 18.Nc3 Be6 19.Bxc6 Bc4 20.Bxd7+ Rxd7 21.
Qf3 Bxf1 22.Nd5 Qe5 23.Rxf1 Qh2+ 24.Kf2 Qh4+ 25.Ke2 Qc4+ 26.Kf2 Qh4+ 27.
Ke2 Qc4+ 28.Kf2 Rf8 29.Nf6 Qh4+ 30.g3 Qh2+ 31.Qg2 Bxg3+ 32.Kf3 Re7 33.Bxa7
b6 34.Qxh2 Bxh2 35.Kg4 Be5 36.Nd5 Rxf1 37.Nxe7+ Kb7 0-1

[Event "XXII Memorial Edoardo Crespi Internazionale"]
[Site "Milano ITA"]
[Date "2001.12.??"]
[Round "6"]
[White "Podini, Francesco"]
[Black "Pienabarca, Nicola"]
[Result "0-1"]
[WhiteElo "2085"]
[BlackElo "2044"]
[PlyCount "79"]
[EventDate "2001.12.03"]

1.e4 e6 2.d3 g6 3.g3 c5 4.Bg2 Bg7 5.Nf3 Nc6 6.O-O Nge7 7.Nbd2 O-O 8.Re1 d6
9.Nf1 b5 10.h4 Rb8 11.Ne3 a5 12.h5 a4 13.a3 Ba6 14.Ng4 Qa5 15.Bh6 b4 16.
Bxg7 Kxg7 17.Qd2 Ng8 18.hxg6 hxg6 19.Qg5 Qd8 20.Qe3 e5 21.Reb1 Nd4 22.Nxd4
cxd4 23.Qd2 b3 24.c3 Qd7 25.Bf3 dxc3 26.bxc3 Qb5 27.c4 Qb6 28.Kg2 Bc8 29.
Ne3 Nf6 30.Rh1 Ng8 31.Rh2 Be6 32.Rah1 Kf6 33.Bg4 b2 34.Rb1 Qb3 35.Bxe6 
Kxe6 36.Nc2 Nf6 37.f4 Ng4 38.f5+ gxf5 39.exf5+ Kd7 40.Kf3 0-1

[Event "XXII Memorial Edoardo Crespi Internazionale"]
[Site "Milano ITA"]
[Date "2001.12.??"]
[Round "6"]
[White "Qendro, Llambi"]
[Black "Belotti, Bruno"]
[Result "1/2-1/2"]
[WhiteElo "2333"]
[BlackElo "2403"]
[PlyCount "25"]
[EventDate "2001.12.03"]

1.d4 Nf6 2.c4 e6 3.Nc3 Bb4 4.Qc2 O-O 5.a3 Bxc3+ 6.Qxc3 b6 7.Bg5 Bb7 8.e3 
d6 9.f3 Nbd7 10.Bd3 c5 11.Ne2 Rc8 12.Qb3 h6 13.Bh4 1/2-1/2

[Event "XXII Memorial Edoardo Crespi Internazionale"]
[Site "Milano ITA"]
[Date "2001.12.??"]
[Round "6"]
[White "Scalcione, Michelangelo"]
[Black "Barberi, Alessandro"]
[Result "1-0"]
[WhiteElo "2292"]
[BlackElo "2136"]
[PlyCount "71"]
[EventDate "2001.12.03"]

1.Nf3 c5 2.c4 g6 3.g3 Bg7 4.Bg2 Nc6 5.O-O e6 6.d3 Nge7 7.Nc3 O-O 8.Bg5 h6 
9.Bd2 d5 10.Qc1 Kh7 11.Rb1 b6 12.a3 Bb7 13.b4 dxc4 14.dxc4 cxb4 15.axb4 
Nf5 16.Rd1 Qe7 17.Nb5 a6 18.e4 Nxg3 19.hxg3 axb5 20.cxb5 Na7 21.Qc4 Rfc8 
22.Qe2 Qe8 23.Bf1 Rc2 24.Ne1 Ra2 25.Rbc1 Rc8 26.Qe3 Rxc1 27.Rxc1 Nxb5 28.
Bxb5 Qxb5 29.Rc7 Bxe4 30.Rxf7 Kg8 31.Rxg7+ Kxg7 32.Bc3+ Kf7 33.Qxe4 Qe2 
34.Qd4 b5 35.Nd3 Rc2 36.Ne5+ 1-0

[Event "XXII Memorial Edoardo Crespi Internazionale"]
[Site "Milano ITA"]
[Date "2001.12.??"]
[Round "6"]
[White "Valenti, Giuseppe"]
[Black "Cebalo, Miso"]
[Result "1/2-1/2"]
[WhiteElo "2206"]
[BlackElo "2492"]
[PlyCount "66"]
[EventDate "2001.12.03"]

1.e4 c5 2.Nf3 d6 3.d4 cxd4 4.Nxd4 Nf6 5.Nc3 g6 6.Be3 Bg7 7.f3 O-O 8.Qd2 
Nc6 9.O-O-O Nxd4 10.Bxd4 Be6 11.Kb1 Qc7 12.Nd5 Bxd5 13.exd5 a6 14.g4 b5 
15.h4 Rae8 16.h5 e5 17.dxe6 Rxe6 18.Bd3 d5 19.Qg5 Rfe8 20.hxg6 hxg6 21.f4 
Nh7 22.Qh4 Bxd4 23.Qxh7+ Kf8 24.f5 gxf5 25.Bxf5 Bg7 26.Bxe6 Qe5 27.c3 Rxe6
28.Rhe1 Qxe1 29.Rxe1 Rxe1+ 30.Kc2 Re2+ 31.Kb3 d4 32.Qf5 dxc3 33.bxc3 Re6 
1/2-1/2